MDQL
is popping MORE tags! Check the
thread
!
Quizzes
Events
Quiz Creation
Community
Videos
Private Events
Remove Ads
Sign In
Join for FREE
Feedback
Dark Mode
Quiz Categories
Sports
Geography
Music
Movies
Television
Just For Fun
Miscellaneous
History
Literature
Language
Science
Gaming
Entertainment
Religion
Holiday
For Kids
Quiz Lab
Recent
Popular Today
Quiz Kudos Today
Editor Picks
Curator Picks
Quizzes by...
Day
Popularity
Type
Ratings
Length
Year
Community
Subscriptions
Recent Discussions
Orange Saloon
Badges
Playlists
Quests
Create
Leaderboards
Showdown
Live 5
Trivia Bingo
Activity
Puzzle Library
Sporcle Events
Private Events
Virtual Trivia
Globe League
Become a Host
Pub Owners
SporcleCon
Opinionation
Our Games
Videos
Blog
Mobile Apps
Partnerships
Remove Ads and Go Orange
Feedback
Just For Fun
Clickable
Get the Picture
Humor
Quick Pick
Word Ladder
Missing Word
Mixed Word
Blitz
Minefield
This or That
Alphabet
Color
Typing
Sporcle
Puzzle
Word Play
Follow That Line
Logic
Just For Fun
Clickable
Get the Picture
Humor
Quick Pick
Word Ladder
Missing Word
Mixed Word
Blitz
Minefield
This or That
Alphabet
Color
Typing
Sporcle
Puzzle
Word Play
Follow That Line
Logic
Random Quiz
Search Sporcle
×
Quiz Lab
Quiz Lab
Just For Fun
Chuck Norris
Type answers based on single images at one time
Type answers based on single images at one time
Slideshow
Best Score? Go Orange.
Knock off brands/products Stats
Can you name the 30+ Knock off brands/products
By
Chuck_Norris
5m
35 Questions
152 Plays
152 Plays
152 Plays
Comments
Comments
Give Quiz Kudos
Give Quiz Kudos
-
- Ratings
hide this ad
Replay
Link that replays current quiz
Next Quiz
Link to next quiz in quiz playlist
You Got
0%
They Got
Avg Score
66%
Avg Friend Score
Upgrade to see
Score Distribution
Jump to the score distribution portion of the page
Score
0/35
Timer
05:00
0
Plays Today
% Correct
My Little Pony
96.7%
Sony
94.7%
Star Wars
93.4%
Oreo
92.1%
Sharpie
86.8%
Google
86.2%
Burger King
84.2%
Crest
83.6%
Xbox
82.2%
Angry Birds
80.3%
Transformers
76.3%
Superman
75.7%
Wii
75%
Nike
75%
M&M
73%
Puma
73%
Teenage Mutant Ninja Turtles
71.1%
Batman
70.4%
% Correct
Robocop
65.1%
McDonalds
65.1%
7-Eleven
63.8%
Doritos
63.2%
Converse
61.8%
Kit Kat
61.8%
Playstation
59.2%
Pop-Tarts
57.9%
Gucci
53.9%
Apple
53.9%
Adidas
52%
Starbucks
48.7%
Dr Pepper
45.4%
KFC
32.2%
Air Jordan
29.6%
Timberland
26.3%
Cocoa Puffs
15.1%
Quiz Playlist
Details
Report
Send in Message
Add To Playlist
Slideshow:
Type answers based on single images at one time
Last Updated: Nov 24, 2017
Quiz Scoreboard
CHALLENGE
Sign Up to Join the Scoreboard
Show All
Scores
Hide
Comments
May contain spoilers
Recently Published
Find the 'City' Movie
by crazypaving
Movies
60s
5x2 Blitz: Bands
by SL_Kpop136
Music
30s
Colored Red Africa Blitz
by spor1
Geography
30s
More to Explore
Quiz From the Vault
Featured Blog Post
14 Easter Pick-up Lines to Find Eggs With
hide this ad
You Might Also Like...
Tags
brand
Chuck Norris
Funny
lol
Today's Top Quizzes in Just For Fun
Browse Just For Fun
hide this ad
Today's Top Quizzes in Chuck Norris
Browse Chuck Norris
Top Contributed Quizzes in Just For Fun
1
Avatar the Last Airbender: Logic Puzzle
2
Name Just One - 10 to 1: Just For Fun
3
Missing Word: 2-Letter A-Z II
4
Missing Letter Whitney Houston Songs
5
Survivor Winners Logic Puzzle
6
Shadowhunters Protagonists Logic Quiz
7
Quick 5-Color Logic (18)
8
Medium Renzoku Puzzle 11
9
It's Magic / Witchcraft 🎩🪄🧙♀️
10
Killer Double Trees 224 - Colour Match-Up
Explore More
Trending Topics
Marvel
Crossword
Disney
NBA
Harry Potter
Anime
Kpop
The Office
Puzzle
Soccer
WWE
Pokémon
Song
Country
NFL
hide this ad
More By:
Chuck_Norris
Quiz
Plays
Rating
Category
Featured
Created
Who said it? Trump or Homer Simpson
446
3.78
Just For Fun
Sep 28, 2016
Video Game Symbols A-Z #1
373
1.75
Entertainment
Jan 10, 2017
The Hobbit 13 Dwarves (Map)
292
4.67
Entertainment
Jan 4, 2017
Attack Of The Clones VS Return Of The Jedi (QUOTES)
248
5.00
Entertainment
Jan 5, 2017
The Lord of the Rings vs The Hobbit (Quotes)
232
5.00
Entertainment
Nov 25, 2017
Go to Creator's Profile
Score Distribution
Quiz Creator Spotlight
Chuck_Norris
Follow
Send a Message
Quizzes Created
-
Created Quiz Play Count
-
More By This Creator
Popular Quizzes Today
1
Colored Red Africa Blitz
2
Find the 'City' Movie
3
Find the US States - No Outlines Minefield
4
5x2 Blitz: Bands
5
The Countries of the World
6
Find the US States
7
Find the Countries of Europe - No Outlines Minefield
8
US States
More Just For Fun Quizzes
Quick Pick: BTS Songs
Published
Trending Quizzes
Colored Red Europe Blitz I
Colored Red Europe Blitz II
Colored Red Africa Blitz II
Colored Red Europe Blitz III
Colored Red Africa Blitz III
Recently Updated
How Do You Spell That?
pecheneg
Godzilla Movies
pecheneg
Grab Bag: 4-10 Letters
pecheneg
2024 March Madness Bracket
pecheneg
Famous TV Couples
Peacemaker
Champions League XIs: Real Madrid
pecheneg
Largest US Cities 1790-2010
pecheneg
Rides in Walt Disney World
pecheneg
Most Oscar Losses (Acting)
pecheneg
Beyoncé Albums
pecheneg
Trending Topics
Marvel
NBA
Harry Potter
Crossword
Disney
Kpop
Anime
The Office
Song
Country
NFL
WWE
Puzzle
Pokémon
Soccer
Your Account Isn't Verified!
In order to create a playlist on Sporcle, you need to verify the email address you used during registration. Go to your
Sporcle Settings
to finish the process.
Report this User
Report this user for behavior that violates our
Community Guidelines
.
Details:
Send Report
Go to the Sporcle.com Mobile Site →
Comments